LEADER 01024nam--2200349---450- 001 990001646750203316 005 20050520121843.0 035 $a000164675 035 $aUSA01000164675 035 $a(ALEPH)000164675USA01 035 $a000164675 100 $a20040510d1909----km-y0itay0103----ba 101 $ager 102 $aDE 105 $a|||-||||001yy 200 1 $aGoethes briefe an Frau Charlotte von Stein$fausgewahlt und hrsg. Julius Petersen 210 $aLeipzig$cInsel$d1909 215 $aXII, 329 p.$cill.$d19 cm 410 $12001 454 $12001 700 1$aGOETHE,$bJohann Wolfgang : von$0151776 702 $aPETERSEN,$bJulius 702 $aSTEIN,$bCharlotte : von 801 0$aIT$bsalbc 912 $a990001646750203316 951 $aVII.2.A. 284(II t G I 101)$b35357 L.M.$cII t 959 $aBK 969 $aUMA 979 $aSIAV7$b10$c20040510$lUSA01$h1656 979 $aCOPAT5$b90$c20050520$lUSA01$h1218 996 $aGoethes briefe an Frau Charlotte von Stein$9942909 997 $aUNISA LEADER 00937cam2 22002531 450 001 SOBE00017406 005 20110908101249.0 100 $a20110908d1873 |||||ita|0103 ba 101 $afre 102 $aFR 200 1 $a<<4: [>>Vètements...-]$fpar M. Viollet-Le-Duc 210 $aParis$cA. Morel et C.$d1873 215 $a504 p.$cill.$d24 cm 461 1$1001SOBE00017362$12001 $aDictionnaire raisonné de mobilier français de l'époque carlovingienne a la renaissance / par M. Viollet-Le Duc 700 1$aViollet-le-Duc$b, Eugène$3AF00009985$4070$0333236 801 0$aIT$bUNISOB$c20110908$gRICA 850 $aUNISOB 852 $aUNISOB$j090$m74531 912 $aSOBE00017406 940 $aM 102 Monografia moderna SBN 941 $aM 957 $a090$b000617$i-4$fConsultabile previa autorizzazione$gNO$d74531$1bethb$2UNISOB$3UNISOB$420110908094317.0$520110908094405.0$6bethb 996 $aVètements...-$91721338 997 $aUNISOB